| 000 | 00583nam a2200193 i 4500 | ||
|---|---|---|---|
| 001 | 93002 | ||
| 003 | ES-MaACL | ||
| 005 | 20250902054526.0 | ||
| 007 | t| | ||
| 008 | 050406s1966 sp ||||1| spa d | ||
| 100 | 1 |
_aLockyer, K. G. _973061 |
|
| 245 | 1 | 0 |
_aDirección de fábrica / _cpor K.G. Lockyer. |
| 260 |
_aMadrid : _bCompañía Bibliográfica Española, _c1966. |
||
| 300 |
_a299 p. : _bil. ; _c22 cm. |
||
| 650 | 7 |
_aDirección de empresas _2embne _9162153 |
|
| 710 | 2 |
_aCompañía Bibliográfica Española. _9171207 |
|
| 852 |
_aES-MaACL _jG-5055 |
||
| 999 |
_c93002 _d93002 |
||